Statystyki dla Największe miasto w .... #2

Kliknij tutaj aby rozwiązać quiz!

Ogólne statystyki

  • Ten quiz został rozwiązany 198 razy
  • Średni wynik to 10 z 18

Statystyki odpowiedzi

Największe miasto...Miasto% Poprawnych
we FrancjiParyż
100%
w Wielkiej BrytaniiLondyn
99%
Stanach ZjednoczonychNowy Jork
94%
mówi po niemieckuBerlin
84%
w SkandynawiiSztokholm
82%
na Półwyspie KoreańskimSeul
73%
na Półwyspie IberyjskimMadryt
72%
mówiące po hiszpańskuMeksyk
62%
mówiące po portugalskuSão Paulo
60%
na półwyspie ArabskimRijad
48%
graniczy z Morzem CzarnymStambuł
47%
na wyspie Haiti
(Hispaniola)
Santo Domingo
27%
mówi po wuSzanghaj
27%
na KorsyceAjaccio
25%
na wyspie HokkaidoSapporo
24%
na wyspie LuzonManila
23%
na wyspie OahuHonolulu
22%
na półwyspie JukatanMérida
9%

Rozkład punktacji

Percentyl według liczby udzielonych odpowiedzi

Procent ludzi z każdym wynikiem

Twoja historia wyników

Nie rozwiązałeś tego quizu